Geography Quiz

Random Geography or World Quiz

New World Order Nations Quiz Stats

Quiz not verified by Sporcle

Challenge
Share
Tweet
Embed
Score 0/15 Timer 05:00
0 Plays Today
Nation % Correct
United States of America
96.3%
United Republics of China
91.6%
Quarantined Japan
77.3%
Union of African Republics
73.9%
United States of Europe
73.2%
Federated Republics of India
71.2%
Union of Soviet Socialist Republics
65.6%
United States of South America
56.9%
Nation % Correct
British Commonwealth of Nations
50.5%
Turkey
48.2%
Arabian Federated Republics
45.5%
United States of Scandinavia
38.5%
Federated Republic of Greece
34.1%
Eire
26.4%
Hebrewland
16.7%

You're not logged in!

Compare scores with friends on all Sporcle quizzes.
Sign Up with Email
OR
Log In

You Might Also Like...

Show Comments

Extras

Top Quizzes Today


Score Distribution

Your Account Isn't Verified!

In order to create a playlist on Sporcle, you need to verify the email address you used during registration. Go to your Sporcle Settings to finish the process.